00811nam a22002057a 4500003000900000008004100009020001800050040007100068082002300139100002000162245006300182260002500245300007600270505017700346650002400523650001200547650001100559650001300570700002200583AR-CdUCM190327b ||||| |||| 00| 0 spa d a9972-40-092-1 aMUNICIPALIDAD PROVINCIAL DEL CUSCOcBIBLIOTECA MUNICIPAL DEL CUSCO a663.420985 /bG212 aGarayar, Carlos aCervesur :bUn siglo bajo el sol de los Andes, 1898-1998 / aLima :bPeisa,c1998 a190 páginas ;c31 cm.bIlustraciones (algunas col.), mapas, retratos. aContenido : Historia y leyenda -- El dia que llego el ferrocarril ( y la cerveza) -- De como se ha de beber una cerveza -- Un país lejano -- Así se hace una cerveza ... aIndustria cervecera aCerveza aPerú aHistoria aJochamowitz, Luis